| 000 | 00659nam a22002057a 4500 | ||
|---|---|---|---|
| 003 | NUST-PNEC | ||
| 005 | 20170116180707.0 | ||
| 008 | 140927b xxu||||| |||| 00| 0 eng d | ||
| 020 | _a8172244177 | ||
| 040 | _cPNEC | ||
| 082 | _a621.84 ZAP | ||
| 100 |
_9379 _aZappe, R. W. |
||
| 245 |
_aValve selection Handbook _cR.W. Zappe |
||
| 250 | _a3rd ed. | ||
| 260 |
_aNew Delhi _bJaico Publishing House _cc2005. |
||
| 300 |
_axiv, 345 p. : _bill. : _c25 cm. |
||
| 500 | _aIncludes Index http://www.amazon.com/Valve-Selection-Handbook-R-W-Zappe/dp/8172244177/ref=sr_1_1?s=books&ie=UTF8&qid=1411798377&sr=1-1&keywords=8172244177 | ||
| 650 | _xME | ||
| 942 |
_2ddc _cBK |
||
| 999 |
_c60765 _d60765 |
||